00335nam a2200121 45000820011000001000018000112450065000292600062000943000010001567000018001669420012001849990017001960 a225.5 1 aGrudem, Wayne10aWhat's wrong with gender-neutral translations?cWayne Grudem aIllinoisbCouncil On Biblical Manhood and Womanhoodc1997 a31 p.1 aGrudem, Wayne 2ddccBK c63981d63955